| 000 | 00857nam a2200253 a 4500 | ||
|---|---|---|---|
| 001 | 54688 | ||
| 003 | BD-RjUL | ||
| 005 | 20211209080145.0 | ||
| 008 | 161108s1949 ii 000 0 eng | ||
| 020 | _a0861319583 | ||
| 035 | _a(BD-RjUL)54810 | ||
| 040 |
_aDLC _cDLC _beng |
||
| 041 | _aeng | ||
| 082 |
_223 _a954.025 _bSAA 1988 |
||
| 100 |
_a Sarkar, Jadunath _9116883 |
||
| 245 | 0 | 0 |
_aAnecdotes of Aurangzib : _bEnglish translation of Ahkam-i-Alamgiri ascribed to Hamid-ud-din Khan Bahadur / _cby Jadunath Sarkar ; with a life of Aurangzib and historical notes. |
| 250 | _aeng. 3rd ed. | ||
| 260 |
_aCalcutta : _bM. C. Sarkar, _c1949 [reprint 1988] |
||
| 300 |
_a100 p. ; _c19 cm. |
||
| 600 |
_aAurangzeb, -- Emperor of Hindustan, _d1618-1707. _9118387 |
||
| 650 |
_aHIstory _zIndia _9163084 |
||
| 942 |
_2ddc _cBK |
||
| 999 |
_c54688 _d54688 |
||